[Event "EU-chT (Men) 18th"]
[Site "Porto Carras"]
[Date "2011.11.08"]
[Round "6.1"]
[White "Williams, Howard"]
[Black "Morrison, Graham"]
[Result "0-1"]
[WhiteElo "2353"]
[BlackElo "2339"]
[PlyCount "78"]
[EventDate "2011.11.03"]
[EventType "team-swiss"]
[EventRounds "9"]
[EventCountry "GRE"]
[SourceTitle "CBM 146"]
[Source "ChessBase"]
[SourceDate "2012.01.18"]
[SourceVersion "1"]
[SourceVersionDate "2012.01.18"]
[SourceQuality "1"]
[WhiteTeam "Wales"]
[BlackTeam "Scotland"]
[WhiteTeamCountry "WLS"]
[BlackTeamCountry "SCO"]

1. Nf3 Nf6 2. c4 c5 3. g3 b6 4. Bg2 Bb7 5. Nc3 e6 6. 0-0 a6 7. d4 cxd4 8. Qxd4 d6 9. Bg5 Nbd7 10. Qd2 Rc8 11. Rfd1 Be7 12. Bf4 d5 13. cxd5 Nxd5 14. Nxd5 Bxd5 15. Qe1 g5 16. Be5 0-0 17. e4 Bb7 18. Qe3 Rc4 19. Bd4 b5 20. b3 Rc2 21. h4 h6 22. Ne1 Rc8 23. hxg5 Bxg5 24. f4 Be7 25. Qe2 Kh7 26. Kh2 Qe8 27. Rac1 Rg8 28. Rxc8 Qxc8 29. Nd3 Qe8 30. e5 Qa8 31. Rc1 Rc8 32. Rxc8 Qxc8 33. Be4+ Bxe4 34. Qxe4+ Kg8 35. Nf2 Bf8 36. f5 exf5 37. Qxf5 Qc6 38. Ng4 Qe6 39. Qe4 f5 0-1

[Event "EU-chT (Men) 18th"]
[Site "Porto Carras"]
[Date "2011.11.07"]
[Round "5.1"]
[White "Williams, Howard"]
[Black "Aristotelous, Vassilis"]
[Result "1-0"]
[WhiteElo "2353"]
[BlackElo "1921"]
[PlyCount "71"]
[EventDate "2011.11.03"]
[EventType "team-swiss"]
[EventRounds "9"]
[EventCountry "GRE"]
[SourceTitle "CBM 146"]
[Source "ChessBase"]
[SourceDate "2012.01.18"]
[SourceVersion "1"]
[SourceVersionDate "2012.01.18"]
[SourceQuality "1"]
[WhiteTeam "Wales"]
[BlackTeam "Cyprus"]
[WhiteTeamCountry "WLS"]
[BlackTeamCountry "CYP"]

1. Nf3 Nf6 2. c4 g6 3. Nc3 Bg7 4. d4 d6 5. Bg5 c6 6. e3 Qa5 7. Be2 Bg4 8. Bh4 0-0 9. 0-0 Nbd7 10. Qd2 a6 11. h3 Bxf3 12. Bxf3 d5 13. cxd5 cxd5 14. Rfd1 Qb6 15. Nxd5 Nxd5 16. Bxd5 e5 17. Rac1 exd4 18. exd4 Nf6 19. Bf3 Rad8 20. a4 Rd7 21. a5 Qb5 22. Rc5 Qa4 23. b4 Ne8 24. Qb2 Rc7 25. Bg3 Rxc5 26. bxc5 Qxa5 27. Qxb7 Nf6 28. c6 Nd5 29. c7 Nxc7 30. Qxc7 Qxc7 31. Bxc7 Rc8 32. Ba5 Bf8 33. g3 Bd6 34. Kg2 Rc2 35. Re1 Rc4 36. Bb6 1-0

[Event "EU-chT (Men) 18th"]
[Site "Porto Carras"]
[Date "2011.11.06"]
[Round "4.1"]
[White "Pelletier, Yannick"]
[Black "Williams, Howard"]
[Result "1-0"]
[WhiteElo "2581"]
[BlackElo "2353"]
[PlyCount "71"]
[EventDate "2011.11.03"]
[EventType "team-swiss"]
[EventRounds "9"]
[EventCountry "GRE"]
[SourceTitle "CBM 146"]
[Source "ChessBase"]
[SourceDate "2012.01.18"]
[SourceVersion "1"]
[SourceVersionDate "2012.01.18"]
[SourceQuality "1"]
[WhiteTeam "Switzerland"]
[BlackTeam "Wales"]
[WhiteTeamCountry "SUI"]
[BlackTeamCountry "WLS"]

1. d4 Nf6 2. c4 e6 3. g3 Bb4+ 4. Bd2 c5 5. Bxb4 cxb4 6. Bg2 0-0 7. e4 d6 8. a3 Na6 9. Ne2 e5 10. 0-0 Re8 11. axb4 Nxb4 12. Nbc3 Qb6 13. Qd2 Bd7 14. h3 Rac8 15. b3 Nc6 16. dxe5 dxe5 17. Nd5 Nxd5 18. exd5 Nd4 19. Nxd4 exd4 20. Rfc1 a6 21. b4 Qf6 22. Ra3 Bf5 23. Rf3 Qe5 24. Rf4 d3 25. Bf1 b5 26. Bxd3 Bxd3 27. Qxd3 bxc4 28. Rfxc4 Rcd8 29. Rd1 Rd6 30. Rc6 Red8 31. Rxa6 h5 32. Rxd6 Rxd6 33. h4 g5 34. hxg5 h4 35. gxh4 Qf4 36. Qd4 1-0

[Event "EU-chT (Men) 18th"]
[Site "Porto Carras"]
[Date "2011.11.04"]
[Round "2.1"]
[White "Caruana, Fabiano"]
[Black "Williams, Howard"]
[Result "1-0"]
[WhiteElo "2727"]
[BlackElo "2353"]
[PlyCount "71"]
[EventDate "2011.11.03"]
[EventType "team-swiss"]
[EventRounds "9"]
[EventCountry "GRE"]
[SourceTitle "CBM 146"]
[Source "ChessBase"]
[SourceDate "2012.01.18"]
[SourceVersion "1"]
[SourceVersionDate "2012.01.18"]
[SourceQuality "1"]
[WhiteTeam "Italy"]
[BlackTeam "Wales"]
[WhiteTeamCountry "ITA"]
[BlackTeamCountry "WLS"]

1. e4 e5 2. Nf3 Nc6 3. Bb5 a6 4. Ba4 d6 5. 0-0 Bd7 6. d4 exd4 7. Nxd4 b5 8. Nxc6 Bxc6 9. Bb3 Nf6 10. Re1 Be7 11. c4 0-0 12. Nc3 Re8 13. Bf4 b4 14. Nd5 Nxd5 15. cxd5 Bb5 16. a4 bxa3 17. bxa3 Bf6 18. Ra2 Bc3 19. Bd2 Bd4 20. a4 Bd7 21. Be3 Bc3 22. Rf1 Rb8 23. Bc4 Rxe4 24. Qd3 Qh4 25. Bg5 Qg4 26. f3 Qxg5 27. fxe4 Be5 28. Bxa6 Ra8 29. a5 Qh4 30. h3 Qg5 31. Bb7 Bb5 32. Qxb5 Qg3 33. Bxa8 Qh2+ 34. Kf2 Qg3+ 35. Ke2 Qxg2+ 36. Kd1 1-0

[Event "EU-chT (Men) 18th"]
[Site "Porto Carras"]
[Date "2011.11.03"]
[Round "1.1"]
[White "Parligras, Mircea Emilian"]
[Black "Williams, Howard"]
[Result "1-0"]
[WhiteElo "2650"]
[BlackElo "2353"]
[PlyCount "67"]
[EventDate "2011.11.03"]
[EventType "team-swiss"]
[EventRounds "9"]
[EventCountry "GRE"]
[SourceTitle "CBM 146"]
[Source "ChessBase"]
[SourceDate "2012.01.18"]
[SourceVersion "1"]
[SourceVersionDate "2012.01.18"]
[SourceQuality "1"]
[WhiteTeam "Romania"]
[BlackTeam "Wales"]
[WhiteTeamCountry "ROU"]
[BlackTeamCountry "WLS"]

1. d4 Nf6 2. c4 e6 3. Nc3 Bb4 4. Qc2 Nc6 5. Nf3 d6 6. Bd2 0-0 7. a3 Bxc3 8. Bxc3 Qe7 9. e3 a5 10. b3 e5 11. d5 Nb8 12. Nd2 c6 13. dxc6 Nxc6 14. Bd3 Be6 15. 0-0 d5 16. cxd5 Bxd5 17. Rfd1 Rad8 18. Nc4 e4 19. Be2 Qe6 20. Bxa5 Rc8 21. Bc3 b5 22. Nd2 Nd4 23. exd4 e3 24. Qd3 exd2 25. Bb4 Rfe8 26. Rxd2 Be4 27. Qxb5 Nd5 28. Bf1 Qg4 29. Bd6 Nc3 30. Qa5 Ba8 31. Bg3 Nd5 32. h3 Qg6 33. Qa6 Qe4 34. Qd3 1-0

[Event "WLS-ch 57th"]
[Site "Cardiff"]
[Date "2011.04.25"]
[Round "7"]
[White "Pleasants, Allan J"]
[Black "Williams, Howard"]
[Result "0-1"]
[WhiteElo "2056"]
[BlackElo "2347"]
[PlyCount "98"]
[EventDate "2011.04.22"]
[EventType "swiss"]
[EventRounds "7"]
[EventCountry "WLS"]
[SourceTitle "CBM 142 Extra"]
[Source "ChessBase"]
[SourceDate "2011.06.27"]
[SourceVersion "1"]
[SourceVersionDate "2011.06.27"]
[SourceQuality "1"]

1. Nf3 c5 2. e4 Nc6 3. Bb5 e6 4. Bxc6 bxc6 5. 0-0 Ne7 6. Re1 Ng6 7. d3 e5 8. Nc3 Be7 9. Ne2 0-0 10. Ng3 d6 11. c3 Be6 12. Nf5 Qd7 13. Nxe7+ Qxe7 14. Ng5 h6 15. Nxe6 fxe6 16. Re3 Rf6 17. Rf3 Raf8 18. Rxf6 Rxf6 19. Qg4 d5 20. Bd2 Nf4 21. Bxf4 Rxf4 22. Qg6 c4 23. exd5 cxd5 24. dxc4 Rxc4 25. Re1 Qf6 26. Qxf6 gxf6 27. Kf1 Kf7 28. Ke2 e4 29. Kd2 f5 30. b3 Rc6 31. f3 Kf6 32. fxe4 dxe4 33. c4 a5 34. Kc3 Ke5 35. a3 Rd6 36. c5 Rd3+ 37. Kc4 Rd2 38. b4 Rxg2 39. c6 Rc2+ 40. Kb5 axb4 41. axb4 f4 42. Kb6 f3 43. c7 f2 44. Re2 Rxc7 45. Rxf2 e3 46. Rb2 Rd7 47. b5 Rd2 48. Rb1 e2 49. Re1 Ke4 0-1

[Event "WLS-ch 57th"]
[Site "Cardiff"]
[Date "2011.04.25"]
[Round "6"]
[White "Williams, Howard"]
[Black "Zeidler, Sven P"]
[Result "1-0"]
[WhiteElo "2347"]
[BlackElo "2247"]
[PlyCount "81"]
[EventDate "2011.04.22"]
[EventType "swiss"]
[EventRounds "7"]
[EventCountry "WLS"]
[SourceTitle "CBM 142 Extra"]
[Source "ChessBase"]
[SourceDate "2011.06.27"]
[SourceVersion "1"]
[SourceVersionDate "2011.06.27"]
[SourceQuality "1"]

1. d4 f5 2. g3 Nf6 3. Bg2 g6 4. c4 Bg7 5. Nc3 d6 6. Nf3 0-0 7. 0-0 c6 8. b3 Qa5 9. Bb2 e5 10. Qe1 Qc7 11. dxe5 dxe5 12. e4 f4 13. Na4 Nh5 14. Rd1 Qe7 15. h3 fxg3 16. fxg3 Nd7 17. Kh2 Nb6 18. Nc3 g5 19. Qe3 g4 20. Nh4 Nf4 21. Nf5 Bxf5 22. exf5 Nxg2 23. Kxg2 gxh3+ 24. Kxh3 Rad8 25. Rxd8 Qxd8 26. Ne4 Qd7 27. g4 h5 28. Nc5 hxg4+ 29. Kg2 Qe7 30. Ne6 Rf6 31. Qxe5 Nd7 32. Qe4 Rf7 33. Qxg4 Nf6 34. Qg6 Qd7 35. Rf2 Qd3 36. Ng5 Rf8 37. Bxf6 Rxf6 38. Qh7+ Kf8 39. Ne6+ Ke7 40. Qxg7+ Rf7 41. Qg5+ 1-0

[Event "WLS-ch 57th"]
[Site "Cardiff"]
[Date "2011.04.24"]
[Round "4"]
[White "Sands, David A"]
[Black "Williams, Howard"]
[Result "1/2-1/2"]
[WhiteElo "2238"]
[BlackElo "2347"]
[PlyCount "29"]
[EventDate "2011.04.22"]
[EventType "swiss"]
[EventRounds "7"]
[EventCountry "WLS"]
[SourceTitle "CBM 142 Extra"]
[Source "ChessBase"]
[SourceDate "2011.06.27"]
[SourceVersion "1"]
[SourceVersionDate "2011.06.27"]
[SourceQuality "1"]

1. d4 Nf6 2. c4 e6 3. Nf3 b6 4. g3 Bb7 5. Bg2 Be7 6. 0-0 0-0 7. Nc3 Ne4 8. Bd2 f5 9. d5 Bf6 10. Re1 Na6 11. a3 c6 12. dxe6 dxe6 13. Qc2 Nxd2 14. Nxd2 Qe7 15. Nb3 1/2-1/2

[Event "WLS-ch 57th"]
[Site "Cardiff"]
[Date "2011.04.24"]
[Round "5"]
[White "Williams, Howard"]
[Black "Kett, Timothy"]
[Result "1/2-1/2"]
[WhiteElo "2347"]
[BlackElo "2202"]
[PlyCount "114"]
[EventDate "2011.04.22"]
[EventType "swiss"]
[EventRounds "7"]
[EventCountry "WLS"]
[SourceTitle "CBM 142 Extra"]
[Source "ChessBase"]
[SourceDate "2011.06.27"]
[SourceVersion "1"]
[SourceVersionDate "2011.06.27"]
[SourceQuality "1"]

1. d4 d5 2. c4 c6 3. Nf3 Nf6 4. e3 e6 5. Nbd2 Nbd7 6. Bd3 Bd6 7. 0-0 0-0 8. e4 dxe4 9. Nxe4 Nxe4 10. Bxe4 e5 11. dxe5 Nxe5 12. Nxe5 Bxe5 13. Bxh7+ Kxh7 14. Qh5+ Kg8 15. Qxe5 Re8 16. Qc3 Qh4 17. Be3 Re6 18. f3 Rg6 19. Rad1 Be6 20. b3 a6 21. Qd4 Qh5 22. Qc5 Qh3 23. Rf2 Re8 24. Bf4 Bc8 25. Bg3 Qh6 26. Rfd2 Rge6 27. Rd8 Qg6 28. Qf2 Qf6 29. Qd4 Qf5 30. Qd2 Qc5+ 31. Bf2 Qf5 32. Qd3 Qf6 33. Rxe8+ Rxe8 34. Bd4 Qg5 35. Qd2 Qg6 36. Bc3 Bh3 37. Kf1 Bf5 38. Qd6 Qg5 39. Qd4 Qg6 40. Kf2 Bc2 41. Rd2 Bf5 42. g4 Bc8 43. Kg3 f5 44. h3 Kh7 45. Rd1 Re2 46. Re1 Rxe1 47. Bxe1 Be6 48. Bc3 Bc8 49. Qe5 Be6 50. Qc7 fxg4 51. hxg4 Bxg4 52. Qxg7+ Qxg7 53. Bxg7 Bf5 54. Bc3 Bb1 55. c5 Bxa2 56. b4 Kg6 57. Kf4 Bd5 1/2-1/2

[Event "WLS-ch 57th"]
[Site "Cardiff"]
[Date "2011.04.23"]
[Round "2"]
[White "Lexton, Michael J"]
[Black "Williams, Howard"]
[Result "1/2-1/2"]
[WhiteElo "2052"]
[BlackElo "2347"]
[PlyCount "50"]
[EventDate "2011.04.22"]
[EventType "swiss"]
[EventRounds "7"]
[EventCountry "WLS"]
[SourceTitle "CBM 142 Extra"]
[Source "ChessBase"]
[SourceDate "2011.06.27"]
[SourceVersion "1"]
[SourceVersionDate "2011.06.27"]
[SourceQuality "1"]

1. e4 Nf6 2. e5 Nd5 3. d4 d6 4. Nf3 dxe5 5. Nxe5 c6 6. Qf3 Be6 7. Be2 Nb4 8. Na3 Qxd4 9. Qg3 Nd7 10. Nxd7 Qxd7 11. 0-0 f6 12. Rd1 Qc8 13. Bd2 Nd5 14. c4 Nc7 15. Bf4 Na6 16. b4 Bf7 17. Bg4 e6 18. b5 Nc5 19. Qe3 h5 20. Bd6 hxg4 21. Qxc5 Rh5 22. Qd4 Bxd6 23. Qxd6 Qb8 24. bxc6 Qxd6 25. Rxd6 bxc6 1/2-1/2

[Event "WLS-ch 57th"]
[Site "Cardiff"]
[Date "2011.04.23"]
[Round "3"]
[White "Williams, Howard"]
[Black "Young, Alan J"]
[Result "1-0"]
[WhiteElo "2347"]
[BlackElo "2024"]
[PlyCount "49"]
[EventDate "2011.04.22"]
[EventType "swiss"]
[EventRounds "7"]
[EventCountry "WLS"]
[SourceTitle "CBM 142 Extra"]
[Source "ChessBase"]
[SourceDate "2011.06.27"]
[SourceVersion "1"]
[SourceVersionDate "2011.06.27"]
[SourceQuality "1"]

1. g3 d5 2. Bg2 Nf6 3. c4 c6 4. Nf3 Bg4 5. cxd5 Nxd5 6. Nc3 e6 7. 0-0 Nd7 8. d4 Be7 9. e4 Nxc3 10. bxc3 0-0 11. Bf4 Qa5 12. Qb3 b6 13. h3 Bh5 14. Rfe1 Rfe8 15. Nd2 Bg5 16. Nc4 Qb5 17. Bxg5 Qxg5 18. Nd6 e5 19. Nxe8 Rxe8 20. Re3 Qf6 21. Rae1 h6 22. dxe5 Qxe5 23. f4 Qe7 24. e5 Qc5 25. Qc2 1-0

[Event "WLS-ch 57th"]
[Site "Cardiff"]
[Date "2011.04.22"]
[Round "1"]
[White "Williams, Howard"]
[Black "Garcia, Jason"]
[Result "1-0"]
[WhiteElo "2347"]
[BlackElo "2010"]
[PlyCount "55"]
[EventDate "2011.04.22"]
[EventType "swiss"]
[EventRounds "7"]
[EventCountry "WLS"]
[SourceTitle "CBM 142 Extra"]
[Source "ChessBase"]
[SourceDate "2011.06.27"]
[SourceVersion "1"]
[SourceVersionDate "2011.06.27"]
[SourceQuality "1"]

1. Nf3 d5 2. d4 Nf6 3. c4 c6 4. e3 Bf5 5. Bd3 Bxd3 6. Qxd3 e6 7. Nc3 Nbd7 8. 0-0 Be7 9. e4 dxe4 10. Nxe4 Nxe4 11. Qxe4 Nf6 12. Qe2 0-0 13. Bf4 Re8 14. Rfd1 Qb6 15. Rd3 a5 16. Rad1 a4 17. Ne5 c5 18. dxc5 Qxc5 19. Bg5 Ra5 20. Bxf6 Bxf6 21. Nd7 Qe7 22. c5 Rb5 23. b3 axb3 24. Nxf6+ Qxf6 25. Rf3 Rxc5 26. Rxf6 gxf6 27. axb3 Rec8 28. h4 1-0

[Event "WLS-chT 0708"]
[Site "Wales"]
[Date "2008.04.26"]
[Round "7"]
[White "Williams, Howard"]
[Black "Jones, Richard S"]
[Result "0-1"]
[WhiteElo "2283"]
[BlackElo "2302"]
[PlyCount "80"]
[EventDate "2007.10.07"]
[EventType "team-swiss"]
[EventRounds "7"]
[EventCountry "WLS"]
[SourceTitle "EXT 2010"]
[Source "ChessBase"]
[SourceDate "2010.11.25"]
[SourceVersion "1"]
[SourceVersionDate "2010.11.25"]
[SourceQuality "1"]

1. d4 Nf6 2. c4 g6 3. Nf3 Bg7 4. g3 0-0 5. Bg2 d6 6. 0-0 Nbd7 7. Nc3 e5 8. e4 c6 9. h3 Qb6 10. Re1 exd4 11. Nxd4 Re8 12. Nb3 Qb4 13. Bf1 a5 14. a3 Qb6 15. Be3 Qc7 16. Nd2 a4 17. Nxa4 Nxe4 18. Bf4 Nef6 19. Rxe8+ Nxe8 20. Ne4 Ne5 21. c5 dxc5 22. Naxc5 Qe7 23. Qb3 Nc7 24. Bg5 Qf8 25. Bf6 Nd5 26. Bxg7 Qxg7 27. f4 b6 28. fxe5 bxc5 29. Nf6+ Nxf6 30. exf6 Qxf6 31. Qc3 Qd6 32. Re1 Be6 33. Bg2 Rb8 34. b4 cxb4 35. axb4 Qxb4 36. Qxb4 Rxb4 37. Bxc6 Bxh3 38. Re2 Be6 39. Kf2 Kg7 40. Rd2 h5 0-1

[Event "WLS-chT 0708"]
[Site "Wales"]
[Date "2008.01.27"]
[Round "5"]
[White "Cobb, James"]
[Black "Williams, Howard"]
[Result "1/2-1/2"]
[WhiteElo "2402"]
[BlackElo "2283"]
[PlyCount "46"]
[EventDate "2007.10.07"]
[EventType "team-swiss"]
[EventRounds "7"]
[EventCountry "WLS"]
[SourceTitle "EXT 2010"]
[Source "ChessBase"]
[SourceDate "2010.11.25"]
[SourceVersion "1"]
[SourceVersionDate "2010.11.25"]
[SourceQuality "1"]

1. d4 Nf6 2. c4 e6 3. Nc3 Bb4 4. e3 0-0 5. Nge2 d5 6. a3 Be7 7. cxd5 exd5 8. Nf4 c6 9. g3 a5 10. Bg2 Na6 11. 0-0 Nc7 12. Bd2 Ne6 13. Nxe6 Bxe6 14. Rc1 Ne8 15. Na4 Nd6 16. Nc5 Bf5 17. Bc3 Qc8 18. Re1 Re8 19. a4 Bf6 20. Qe2 Qc7 21. Qf1 Rad8 22. Nb3 Ra8 23. Nc5 Rad8 1/2-1/2

[Event "WLS-chT 0708"]
[Site "Wales"]
[Date "2008.01.24"]
[Round "4"]
[White "Williams, Howard"]
[Black "Dineley, Richard"]
[Result "1/2-1/2"]
[WhiteElo "2283"]
[BlackElo "2258"]
[PlyCount "95"]
[EventDate "2007.10.07"]
[EventType "team-swiss"]
[EventRounds "7"]
[EventCountry "WLS"]
[SourceTitle "EXT 2010"]
[Source "ChessBase"]
[SourceDate "2010.11.25"]
[SourceVersion "1"]
[SourceVersionDate "2010.11.25"]
[SourceQuality "1"]

1. Nf3 c5 2. c4 Nf6 3. b3 e6 4. Bb2 b6 5. g3 Bb7 6. Bg2 Be7 7. 0-0 0-0 8. Nc3 d6 9. e3 Nbd7 10. d4 Ne4 11. d5 Nxc3 12. Bxc3 exd5 13. cxd5 Bf6 14. Rc1 b5 15. e4 b4 16. Bxf6 Qxf6 17. Nd2 a5 18. Nc4 Ba6 19. f4 Bxc4 20. Rxc4 a4 21. Qg4 Nb6 22. e5 dxe5 23. Rxc5 e4 24. Qd1 axb3 25. axb3 e3 26. Re1 Ra2 27. Rc2 Rxc2 28. Qxc2 Qd4 29. Qe4 Qxe4 30. Bxe4 Re8 31. Bf3 Kf8 32. Kf1 Rd8 33. Rxe3 Rd7 34. Rd3 Ke7 35. Rd4 Kd6 36. Rxb4 Kc5 37. Re4 Rxd5 38. Re7 Rd7 39. Rxd7 Nxd7 40. Ke2 Kd4 41. Bc6 Nb6 42. b4 Kc4 43. b5 Kc5 44. Ke3 Nc4+ 45. Ke4 Nd6+ 46. Ke5 Nc4+ 47. Kf5 Nd6+ 48. Ke5 1/2-1/2

[Event "WLS-chT 0708"]
[Site "Wales"]
[Date "2007.12.13"]
[Round "3"]
[White "Thomas, Joseff"]
[Black "Williams, Howard"]
[Result "1/2-1/2"]
[WhiteElo "2114"]
[BlackElo "2283"]
[PlyCount "59"]
[EventDate "2007.10.07"]
[EventType "team-swiss"]
[EventRounds "7"]
[EventCountry "WLS"]
[SourceTitle "EXT 2010"]
[Source "ChessBase"]
[SourceDate "2010.11.25"]
[SourceVersion "1"]
[SourceVersionDate "2010.11.25"]
[SourceQuality "1"]

1. e4 c5 2. d4 cxd4 3. c3 g6 4. Nf3 d5 5. Qxd4 Nf6 6. e5 Nc6 7. Bb5 Ne4 8. Nbd2 Bd7 9. e6 Nxd4 10. exd7+ Qxd7 11. Bxd7+ Kxd7 12. Nxd4 Nd6 13. N2f3 Bg7 14. 0-0 e5 15. Nc2 Rac8 16. Re1 Rhe8 17. Na3 b5 18. Bd2 b4 19. cxb4 e4 20. Ng5 Bxb2 21. Nxh7 Rh8 22. Rab1 Bxa3 23. Nf6+ Ke6 24. Rb3 Nb5 25. Ng4 f5 26. Ne3 d4 27. Nf1 Rc7 28. f3 Kd5 29. fxe4+ fxe4 30. Rg3 1/2-1/2

[Event "WLS-chT 0708"]
[Site "Wales"]
[Date "2007.10.20"]
[Round "1"]
[White "Rees, Ioan"]
[Black "Williams, Howard"]
[Result "1/2-1/2"]
[WhiteElo "2275"]
[BlackElo "2283"]
[PlyCount "52"]
[EventDate "2007.10.07"]
[EventType "team-swiss"]
[EventRounds "7"]
[EventCountry "WLS"]
[SourceTitle "EXT 2010"]
[Source "ChessBase"]
[SourceDate "2010.11.25"]
[SourceVersion "1"]
[SourceVersionDate "2010.11.25"]
[SourceQuality "1"]

1. e4 Nf6 2. Nc3 d5 3. e5 d4 4. Nce2 Ng4 5. f4 h5 6. Nf3 c5 7. Ng3 Qd5 8. Bb5+ Bd7 9. Bd3 Bc6 10. Qe2 e6 11. h3 Nh6 12. c3 Na6 13. b3 Qd7 14. Bb2 Nc7 15. Nxh5 Nf5 16. g4 Rxh5 17. Bxf5 exf5 18. gxh5 Ne6 19. 0-0-0 Nxf4 20. Qf1 0-0-0 21. c4 d3 22. Kb1 Ne2 23. Qf2 f4 24. Rhe1 Qxh3 25. Ng1 Qf5 26. Ka1 Ng3 1/2-1/2

[Event "WLS-chT 0607"]
[Site "Wales"]
[Date "2007.03.14"]
[Round "6"]
[White "Morris, Charles F"]
[Black "Williams, Howard"]
[Result "1/2-1/2"]
[WhiteElo "2178"]
[BlackElo "2270"]
[PlyCount "90"]
[EventDate "2006.09.26"]
[EventType "tourn"]
[EventRounds "7"]
[EventCountry "WLS"]
[SourceTitle "EXT 2010"]
[Source "ChessBase"]
[SourceDate "2010.11.25"]
[SourceVersion "1"]
[SourceVersionDate "2010.11.25"]
[SourceQuality "1"]

1. Nf3 Nf6 2. c4 e6 3. g3 b6 4. Bg2 Bb7 5. 0-0 Be7 6. d3 c5 7. e4 0-0 8. Nc3 d6 9. Ne1 Nc6 10. f4 Ne8 11. Nc2 Bf6 12. Be3 Nd4 13. Bxd4 cxd4 14. Ne2 e5 15. g4 exf4 16. Nxf4 Nc7 17. Qf3 Ne6 18. Nh5 Be5 19. Qf2 g6 20. Nf6+ Kg7 21. Nd5 Qg5 22. h3 h5 23. gxh5 Bxd5 24. cxd5 Nf4 25. Qf3 Rh8 26. Qg4 Rxh5 27. Qxg5 Rxg5 28. Ne1 Nxh3+ 29. Kh1 Rh8 30. Rf3 Nf4+ 31. Kg1 Rh4 32. Rd1 Rhg4 33. Rd2 Nh5 34. Rc2 Bg3 35. Bh3 Bxe1+ 36. Bxg4 Rxg4+ 37. Kf1 Bg3 38. Rc7 Rf4 39. Ke2 g5 40. Rxa7 g4 41. Rxf4 Nxf4+ 42. Kf1 Nxd3 43. Ra3 Nxb2 44. Rxg3 d3 45. Ke1 Nc4 1/2-1/2

[Event "WLS-chT 0607"]
[Site "Wales"]
[Date "2006.12.16"]
[Round "3"]
[White "Williams, Howard"]
[Black "Rees, Ioan"]
[Result "1/2-1/2"]
[WhiteElo "2270"]
[BlackElo "2257"]
[PlyCount "103"]
[EventDate "2006.09.26"]
[EventType "tourn"]
[EventRounds "7"]
[EventCountry "WLS"]
[SourceTitle "EXT 2010"]
[Source "ChessBase"]
[SourceDate "2010.11.25"]
[SourceVersion "1"]
[SourceVersionDate "2010.11.25"]
[SourceQuality "1"]

1. Nf3 Nf6 2. c4 g6 3. Nc3 Bg7 4. g3 d6 5. d4 0-0 6. Bg2 Nc6 7. 0-0 a6 8. d5 Na5 9. Nd2 c5 10. Rb1 Rb8 11. b3 b5 12. Bb2 bxc4 13. bxc4 Bh6 14. Ba1 Rb4 15. Rxb4 cxb4 16. Nce4 Nd7 17. Nb3 Bg7 18. Bxg7 Kxg7 19. Qd4+ Kg8 20. h4 Qc7 21. Rc1 Nxb3 22. axb3 f5 23. Ng5 Qc5 24. Ne6 Qxd4 25. Nxd4 Nc5 26. f4 Bd7 27. Re1 Kf7 28. e4 fxe4 29. Bxe4 Nxe4 30. Rxe4 a5 31. Re2 Rc8 32. Rb2 a4 33. bxa4 Rxc4 34. Nc6 Bxc6 35. dxc6 Rxc6 36. Rxb4 Rc3 37. Kf2 Ra3 38. g4 Kf6 39. Kg2 e6 40. Rb5 d5 41. a5 h5 42. f5 gxf5 43. gxh5 Ra2+ 44. Kf3 Ra4 45. Kg3 Ra3+ 46. Kg2 d4 47. h6 Kg6 48. Re5 Kxh6 49. Rxe6+ Kh5 50. Rd6 d3 51. Kf3 Kxh4 52. Kf4 1/2-1/2

[Event "WLS-ch 50th"]
[Site "Cardiff"]
[Date "2004.04.12"]
[Round "6"]
[White "Jones, Richard S"]
[Black "Williams, Howard"]
[Result "0-1"]
[WhiteElo "2274"]
[BlackElo "2340"]
[PlyCount "58"]
[EventDate "2004.04.09"]
[EventType "swiss"]
[EventRounds "7"]
[EventCountry "WLS"]
[SourceTitle "EXT 2006"]
[Source "ChessBase"]
[SourceDate "2005.11.24"]
[SourceVersion "1"]
[SourceVersionDate "2005.11.24"]
[SourceQuality "1"]

1. e4 Nf6 2. e5 Nd5 3. d4 d6 4. Nf3 Bg4 5. c4 Nb6 6. exd6 cxd6 7. Be2 g6 8. Be3 Bg7 9. Nbd2 0-0 10. h3 Bf5 11. 0-0 Nc6 12. Qb3 e5 13. d5 Nd4 14. Bxd4 exd4 15. Bd3 Bxd3 16. Qxd3 Nd7 17. Rad1 Re8 18. Ne4 Rc8 19. b3 Ne5 20. Nxe5 dxe5 21. f3 f5 22. Nd2 Qd6 23. Rfe1 Re7 24. Re2 Rce8 25. Rde1 b6 26. Qb1 a5 27. Kh1 Bh6 28. Nf1 Qf6 29. Qd3 e4 0-1

[Event "WLS-ch 50th"]
[Site "Cardiff"]
[Date "2004.04.12"]
[Round "7"]
[White "Williams, Howard"]
[Black "Rees, Ioan"]
[Result "1/2-1/2"]
[WhiteElo "2340"]
[BlackElo "2193"]
[PlyCount "71"]
[EventDate "2004.04.09"]
[EventType "swiss"]
[EventRounds "7"]
[EventCountry "WLS"]
[SourceTitle "EXT 2006"]
[Source "ChessBase"]
[SourceDate "2005.11.24"]
[SourceVersion "1"]
[SourceVersionDate "2005.11.24"]
[SourceQuality "1"]

1. Nf3 c5 2. c4 Nf6 3. g3 d5 4. cxd5 Nxd5 5. Bg2 Nc6 6. Nc3 Nc7 7. 0-0 e5 8. d3 Be7 9. Be3 0-0 10. Nd2 Nd4 11. Nc4 f6 12. f4 exf4 13. Bxf4 Nce6 14. Nd5 Nxf4 15. Nxf4 g5 16. Nd5 Be6 17. e4 Rb8 18. Rf2 Bxd5 19. exd5 b5 20. Ne3 f5 21. Kh1 Kh8 22. Qf1 Qd7 23. Re1 Bd6 24. Nc2 Nxc2 25. Rxc2 f4 26. gxf4 Bxf4 27. Rf2 Rb6 28. Be4 Rh6 29. Re3 Rff6 30. b3 Qg4 31. Ref3 Qh5 32. Qg1 Qf7 33. Qg4 Rh4 34. Qc8+ Kg7 35. Rh3 Qh5 36. Rff3 1/2-1/2

[Event "WLS-ch 50th"]
[Site "Cardiff"]
[Date "2004.04.11"]
[Round "4"]
[White "Williams, Howard"]
[Black "Cobb, James"]
[Result "1-0"]
[WhiteElo "2340"]
[BlackElo "2325"]
[PlyCount "85"]
[EventDate "2004.04.09"]
[EventType "swiss"]
[EventRounds "7"]
[EventCountry "WLS"]
[SourceTitle "EXT 2006"]
[Source "ChessBase"]
[SourceDate "2005.11.24"]
[SourceVersion "1"]
[SourceVersionDate "2005.11.24"]
[SourceQuality "1"]

1. d4 Nf6 2. c4 g6 3. Nc3 Bg7 4. Nf3 0-0 5. g3 d6 6. Bg2 Nbd7 7. 0-0 e5 8. e4 a6 9. Re1 exd4 10. Nxd4 Re8 11. b3 Ng4 12. Bb2 Nc5 13. f4 f5 14. Qd2 a5 15. exf5 Bxf5 16. Nxf5 gxf5 17. Rxe8+ Qxe8 18. Nd5 Ne4 19. Bxe4 Bxb2 20. Re1 fxe4 21. Qxb2 Qh5 22. Rxe4 Rf8 23. Qe2 c6 24. Ne3 Nf6 25. Qxh5 Nxh5 26. Re7 Rf7 27. Re8+ Rf8 28. Rxf8+ Kxf8 29. Kf2 Kf7 30. Kf3 Ke6 31. g4 Nf6 32. g5 Nd7 33. Ke4 Nc5+ 34. Kd4 Na6 35. f5+ Ke7 36. h4 Kf7 37. h5 Nc5 38. Ng4 a4 39. b4 Na6 40. c5 dxc5+ 41. bxc5 Nb4 42. Nh6+ Kf8 43. f6 1-0